000 00587nam a2200193 i 4500
001 bg
100 1 _aZALEWSKA, Bogumiła.
245 1 0 _aKatalog złóż piasków czwartorzędowych Polski.
_nCz. 1 /
_cBogumiła Zalewska ; Państwowy Instytut Geologiczny.
260 _aWarszawa :
_bPIG,
_c1990.
300 _a356 s. :
_bwykr. ;
_c24 cm.
504 _aBibliogr. s. 10.
650 9 _aCzwartorzęd
_zPolska
650 9 _aPiasek
_xgeologia
_xgeografia
_zPolska
040 _cBPK
041 0 _apl
080 _a553.6(438)(083.8)
942 _cKS
008 s pl f |000 0 pol
999 _c31418
_d31418
856 _uhttp://koha.tu.koszalin.pl/cgi-bin/koha/opac-detail.pl?biblionumber=31418
_yKatalog online BPK